00431cam a22001572 4500001001100000005001700011008004100028020001600069040001500085050002100100100002700121245003100148260004400179300001600223651003400239000000156820151217155812.0070315s xx 000 0 eng d a29700221X : aKABUcKABU 0aDT433.29b.B8L691 aLow, D. A.@000015042210aBuganda in modern history. aLondon :bWeidenfeld & Nicolson,c1971. axii, 265 p. 0aBugandaxHistory.@0000148715